LEADER 01280nam--2200421---450- 001 990000812060203316 005 20050726090053.0 010 $a0-87553-162-8 035 $a0081206 035 $aUSA010081206 035 $a(ALEPH)000081206USA01 035 $a0081206 100 $a20011220d1989----km-y0itay0103----ba 101 $aeng 102 $aUS 105 $a||||||||001yy 200 1 $aMonitoring children's health$ekey indicators$fC. Arden Miller, Amy Fine, Sharon Adams-Taylor 205 $a2.ed. 210 $aWashington$cAmerican public health association$dc1989 215 $a164 p.$d23 cm 410 $12001 461 1$1001-------$12001 606 0 $aFanciulli$xAssistenza sanitaria$yStati Uniti d'America 676 $a362.19892 700 1$aMILLER,$bC. Arden$0550725 701 1$aFINE,$bAmy$0550726 701 1$aADAMS-TAYLOR,$bSharon$0550727 801 0$aIT$bsalbc$gISBD 912 $a990000812060203316 951 $aII.4. 605(IIi B 712)$b130660 LM$cIIi B 959 $aBK 969 $aUMA 979 $aPATTY$b90$c20011220$lUSA01$h1018 979 $c20020403$lUSA01$h1727 979 $aPATRY$b90$c20040406$lUSA01$h1656 979 $aCOPAT3$b90$c20050726$lUSA01$h0900 996 $aMonitoring children's health$9966659 997 $aUNISA LEADER 02947nam 2200661 a 450 001 9910806296603321 005 20260129033950.0 010 $a1-282-12285-1 010 $a9786612122859 010 $a0-470-69627-3 010 $a0-470-69552-8 035 $a(CKB)1000000000687589 035 $a(EBL)470177 035 $a(SSID)ssj0000353939 035 $a(PQKBManifestationID)11256467 035 $a(PQKBTitleCode)TC0000353939 035 $a(PQKBWorkID)10302091 035 $a(PQKB)10563143 035 $a(Au-PeEL)EBL470177 035 $a(CaPaEBR)ebr10297622 035 $a(CaONFJC)MIL212285 035 $a(MiAaPQ)EBC470177 035 $a(OCoLC)232611555 035 $a(MiAaPQ)EBC4041850 035 $a(FINmELB)ELB179319 035 $a(EXLCZ)991000000000687589 100 $a20090715d2008 uy 0 101 0 $aeng 135 $aur|n|---||||| 181 $ctxt 182 $cc 183 $acr 200 00$aCatheter ablation of cardiac arrhythmias $ebasic concepts and clinical applications /$fedited by David J. Wilber, Douglas L. Packer, and William G. Stevenson 205 $a3rd ed. 210 $aMalden, Mass. $cBlackwell$d2008 215 $a1 online resource (390 p.) 300 $aRev. ed. of: Radiofrequency catheter ablation of cardiac arrhythmias / edited by Shoei K. STephen Huang and David J. Wilber. 2nd ed. c2000. 311 08$a1-4051-3117-9 320 $aIncludes bibliographical references and index. 327 $aCatheter Ablation of Cardiac Arrhythmias: Basic Concepts and Clinical Applications; Contents; List of Contributors; Foreword; Preface; I Fundamentals; II Supraventricular tachycardia; III Atrial fibrillation; IV Ventricular tachycardia; Index 330 $aRadiofrequency Catheter Ablation of Cardiac Arrhythmias has been so extensively updated for its third edition that the book now features a new title: Catheter Ablation of Cardiac Arrhythmias: Basic Concepts and Clinical Applications. The editors bring you 21 polished chapters, each updating the fundamentals and progressing to advanced concepts, providing state-of-the-art knowledge with highly relevant material for experienced electrophysiologists as well as fellows in training. This streamlined new edition features: Two new editors, both widely published and lea 517 3 $aRadiogrequency catheter ablation of cardiac arrhythmias 606 $aCatheter ablation 606 $aArrhythmia$xInterventional radiology 615 0$aCatheter ablation. 615 0$aArrhythmia$xInterventional radiology. 676 $a616.128 676 $a617.4/12059 701 $aWilber$b David J$0913103 701 $aPacker$b Douglas$0913104 701 $aStevenson$b William G$g(William Gregory)$0913105 801 0$bMiAaPQ 801 1$bMiAaPQ 801 2$bMiAaPQ 906 $aBOOK 912 $a9910806296603321 996 $aCatheter ablation of cardiac arrhythmias$92045561 997 $aUNINA